20 Countries with Geographical Center closest to Prime Meridian - Statistics

General Stats
  • This quiz has been taken 104 times
  • The average score is 17 of 20
Answer Stats
D (km) COUNTRY % Correct
170 United Kingdom
99%
208 France
95%
287 Spain
95%
532 Ireland
93%
277 Algeria
92%
577 Morocco
92%
341 Belgium
91%
351 Mali
89%
397 Netherlands
89%
111 Ghana
88%
665 Portugal
86%
127 Togo
83%
280 Benin
81%
587 Cote d'Ivoire
80%
453 Luxembourg
78%
167 Burkina Faso
77%
595 Monaco
72%
123 Andorra
70%
637 Switzerland
69%
619 Denmark
50%
No matching quizzes found
Score Distribution
Percent of People with Each Score
Percentile by Number Answered
Your Score History
You have not taken this quiz